[Event "EYCC 2024 - O14"]
[Site "?"]
[Date "2024.08.30"]
[Round "8.1"]
[White "Alizada, Pasham"]
[Black "Topencik, Bruno"]
[Result "1/2-1/2"]
[BlackElo "2107"]
[WhiteElo "2066"]
[LiveChessVersion "1.4.8"]

1. d4 {[%clk 1:30:37]} Nf6 {[%clk 1:30:35]} 2. Nc3 {[%clk 1:30:55]} d5
{[%clk 1:30:35]} 3. Bf4 {[%clk 1:31:23]} e6 {[%clk 1:30:25]} 4. Nb5
{[%clk 1:31:51]} Na6 {[%clk 1:30:38]} 5. e3 {[%clk 1:32:18]} Be7 {[%clk 1:30:41]}
6. Nf3 {[%clk 1:31:58]} O-O {[%clk 1:30:51]} 7. Ne5 {[%clk 1:32:25]} c6
{[%clk 1:22:39]} 8. Nc3 {[%clk 1:32:53]} c5 {[%clk 1:20:13]} 9. Bxa6
{[%clk 1:31:59]} bxa6 {[%clk 1:20:21]} 10. Nc6 {[%clk 1:22:21]} Qe8
{[%clk 1:18:37]} 11. Nxe7+ {[%clk 1:22:11]} Qxe7 {[%clk 1:18:56]} 12. h4
{[%clk 1:21:20]} Bb7 {[%clk 1:07:37]} 13. h5 {[%clk 1:20:51]} cxd4
{[%clk 1:06:14]} 14. exd4 {[%clk 1:18:48]} Ne4 {[%clk 1:02:13]} 15. Nxe4
{[%clk 1:16:42]} dxe4 {[%clk 1:02:29]} 16. Qd2 {[%clk 1:15:12]} f6
{[%clk 1:00:08]} 17. O-O-O {[%clk 1:03:24]} Rfd8 {[%clk 0:58:41]} 18. Qe1
{[%clk 0:51:51]} Rac8 {[%clk 0:56:45]} 19. Kb1 {[%clk 0:50:08]} Qd7
{[%clk 0:54:30]} 20. b3 {[%clk 0:44:17]} Qb5 {[%clk 0:50:30]} 21. Qe3
{[%clk 0:34:50]} a5 {[%clk 0:45:58]} 22. Qc1 {[%clk 0:31:01]} a4 {[%clk 0:42:43]}
23. Rh3 {[%clk 0:22:51]} axb3 {[%clk 0:39:50]} 24. axb3 {[%clk 0:23:18]} a5
{[%clk 0:38:28]} 25. h6 {[%clk 0:23:44]} g6 {[%clk 0:37:29]} 26. Qa3
{[%clk 0:14:33]} Kf7 {[%clk 0:34:36]} 27. Rhh1 {[%clk 0:12:07]} Bd5
{[%clk 0:27:48]} 28. Kb2 {[%clk 0:11:06]} Rc6 {[%clk 0:22:14]} 29. Rd2
{[%clk 0:05:22]} a4 {[%clk 0:15:39]} 30. Qxa4 {[%clk 0:04:24]} Qxa4
{[%clk 0:15:36]} 31. bxa4 {[%clk 0:04:52]} Rb6+ {[%clk 0:15:56]} 32. Ka3
{[%clk 0:03:36]} Ra8 {[%clk 0:15:05]} 33. Rh3 {[%clk 0:04:04]} Rba6
{[%clk 0:08:25]} 34. Kb2 {[%clk 0:02:27]} Rxa4 {[%clk 0:08:26]} 35. Rd1
{[%clk 0:01:44]} Rb4+ {[%clk 0:07:29]} 36. Kc3 {[%clk 0:02:12]} Rc4+
{[%clk 0:07:24]} 37. Kb2 {[%clk 0:02:41]} g5 {[%clk 0:04:59]} 38. Bd6
{[%clk 0:02:44]} Ra2+ {[%clk 0:00:50]} 39. Kxa2 {[%clk 0:02:24]} Rxd4+
{[%clk 0:01:18]} 40. Kb2 {[%clk 0:01:48]} Rxd1 {[%clk 0:01:41]} 41. Rc3
{[%clk 0:02:12]} Kg6 {[%clk 0:00:39]} 42. Bf8 {[%clk 0:02:39]} Rf1
{[%clk 0:00:32]} 43. Rc7 {[%clk 0:02:19]} g4 {[%clk 0:00:33]} 44. c4
{[%clk 0:01:39]} Rxf2+ {[%clk 0:00:46]} 45. Kc3 {[%clk 0:02:04]} Bxc4
{[%clk 0:00:34]} 46. Rxc4 {[%clk 0:01:38]} Rxg2 {[%clk 0:00:35]} 47. Rc7
{[%clk 0:01:57]} Rf2 {[%clk 0:00:36]} 48. Kd4 {[%clk 0:02:02]} f5
{[%clk 0:00:35]} 49. Ke3 {[%clk 0:01:22]} Rf3+ {[%clk 0:00:47]} 50. Ke2
{[%clk 0:01:51]} e3 {[%clk 0:00:36]} 51. Rg7+ {[%clk 0:01:08]} Kxh6
{[%clk 0:00:32]} 52. Rxg4+ {[%clk 0:01:31]} Kh5 {[%clk 0:00:48]} 53. Rg1
{[%clk 0:00:52]} Rh3 {[%clk 0:01:04]} 54. Bd6 {[%clk 0:01:11]} Rh4
{[%clk 0:00:35]} 55. Kxe3 {[%clk 0:01:29]} Rg4 {[%clk 0:00:46]} 56. Rh1+
{[%clk 0:01:48]} Kg6 {[%clk 0:01:06]} 57. Kf3 {[%clk 0:02:02]} h5
{[%clk 0:01:08]} 58. Bf4 {[%clk 0:02:25]} h4 {[%clk 0:01:03]} 59. Ra1
{[%clk 0:01:54]} h3 {[%clk 0:00:39]} 60. Ra8 {[%clk 0:00:36]} Rh4
{[%clk 0:00:35]} 61. Rg8+ {[%clk 0:00:42]} Kf7 {[%clk 0:00:36]} 62. Rg1
{[%clk 0:01:08]} h2 {[%clk 0:00:33]} 63. Rh1 {[%clk 0:01:34]} Rh7
{[%clk 0:00:36]} 64. Be5 Rh6 {[%clk 0:00:48]} 65. Bf4 {[%clk 0:01:08]} Rh7
{[%clk 0:01:12]} 66. Be5 {[%clk 0:01:24]} Rh6 {[%clk 0:01:24]} 67. Kg2
{[%clk 0:01:51]} Rh7 {[%clk 0:01:32]} 68. Bxh2 {[%clk 0:01:52]} Rg7+
{[%clk 0:01:56]} 69. Kf3 {[%clk 0:01:50]} Rh7 {[%clk 0:02:18]} 70. Kg3
{[%clk 0:02:12]} Rg7+ {[%clk 0:02:21]} 71. Kh4 {[%clk 0:02:31]} Rh7+
{[%clk 0:02:32]} 72. Kg3 {[%clk 0:02:29]} Rg7+ {[%clk 0:02:55]} 73. Kf2
{[%clk 0:02:54]} Rh7 {[%clk 0:03:20]} 74. Kf1 {[%clk 0:03:20]} Rh8
{[%clk 0:03:00]} 75. Kg2 {[%clk 0:03:12]} Rg8+ {[%clk 0:03:20]} 76. Kh3
{[%clk 0:03:32]} Rh8+ {[%clk 0:03:44]} 77. Kg3 {[%clk 0:03:59]} Rg8+
{[%clk 0:04:04]} 78. Kf2 {[%clk 0:04:08]} Rh8 {[%clk 0:04:28]} 79. Kf1
{[%clk 0:04:33]} Rh7 {[%clk 0:04:52]} 80. Kg2 {[%clk 0:05:01]} Rg7+
{[%clk 0:05:13]} 81. Kf3 {[%clk 0:05:24]} Rh7 {[%clk 0:05:36]} 82. Kf2
{[%clk 0:05:50]} Rh8 {[%clk 0:05:57]} 83. Kg1 {[%clk 0:05:48]} Rg8+
{[%clk 0:05:59]} 84. Kf1 {[%clk 0:06:06]} Rh8 {[%clk 0:06:22]} 85. Kg2
{[%clk 0:06:33]} Rg8+ {[%clk 0:06:44]} 86. Kf3 {[%clk 0:07:01]} Rh8
{[%clk 0:07:02]} 87. Kg3 {[%clk 0:07:25]} Rg8+ {[%clk 0:07:23]} 88. Kf4
{[%clk 0:07:45]} Rh8 {[%clk 0:07:39]} 89. Kf3 {[%clk 0:07:57]} Rh7
{[%clk 0:07:55]} 90. Kg3 {[%clk 0:07:37]} Rg7+ {[%clk 0:08:17]} 91. Kh4
{[%clk 0:07:27]} Rh7+ {[%clk 0:08:30]} 92. Kg3 {[%clk 0:06:56]} Rg7+
{[%clk 0:08:52]} 93. Kf4 {[%clk 0:07:21]} Rh7 {[%clk 0:09:12]} 1/2-1/2

[Event "EYCC 2024 - O14"]
[Site "?"]
[Date "2024.08.30"]
[Round "8.2"]
[White "Mahmudzade, Yunis"]
[Black "Khoury, Theo"]
[Result "1-0"]
[BlackElo "2085"]
[WhiteElo "1962"]
[LiveChessVersion "1.4.8"]

1. d4 {[%clk 1:30:45]} d5 {[%clk 1:30:43]} 2. Nf3 {[%clk 1:31:09]} Nf6
{[%clk 1:31:08]} 3. c4 {[%clk 1:31:36]} e6 {[%clk 1:31:34]} 4. Nc3
{[%clk 1:32:03]} Be7 {[%clk 1:31:59]} 5. Bg5 {[%clk 1:31:58]} h6 {[%clk 1:32:25]}
6. Bh4 {[%clk 1:31:08]} dxc4 {[%clk 1:32:50]} 7. e3 {[%clk 1:29:17]} c5
{[%clk 1:33:15]} 8. Bxc4 {[%clk 1:28:57]} cxd4 {[%clk 1:33:42]} 9. exd4
{[%clk 1:28:49]} O-O {[%clk 1:34:07]} 10. O-O {[%clk 1:29:02]} Nc6
{[%clk 1:34:35]} 11. Qd2 {[%clk 1:28:22]} Nh5 {[%clk 1:32:37]} 12. Bxe7
{[%clk 1:28:02]} Nxe7 {[%clk 1:33:01]} 13. Rad1 {[%clk 1:28:05]} Nf6
{[%clk 1:33:12]} 14. Rfe1 {[%clk 1:27:21]} Bd7 {[%clk 1:31:07]} 15. Ne5
{[%clk 1:27:12]} Bc6 {[%clk 1:31:18]} 16. Nxf7 {[%clk 1:26:34]} Rxf7
{[%clk 1:26:40]} 17. Bxe6 {[%clk 1:27:02]} Ned5 18. Qd3 {[%clk 1:18:35]} Nf4
{[%clk 1:16:39]} 19. Bxf7+ {[%clk 1:18:49]} Kxf7 {[%clk 1:17:04]} 20. Qc4+
{[%clk 1:18:00]} N4d5 {[%clk 1:08:41]} 21. Ne2 {[%clk 1:13:36]} Kg8
{[%clk 0:59:37]} 22. Nf4 {[%clk 1:07:50]} Qd6 {[%clk 0:56:39]} 23. Nd3
{[%clk 1:05:37]} b6 {[%clk 0:52:00]} 24. Rc1 {[%clk 0:58:56]} Bb7
{[%clk 0:52:22]} 25. Ne5 {[%clk 0:59:17]} Rf8 {[%clk 0:50:11]} 26. f3
{[%clk 0:54:01]} Nh5 {[%clk 0:47:51]} 27. g3 {[%clk 0:42:45]} Rf6
{[%clk 0:43:18]} 28. Qa4 {[%clk 0:40:06]} Nc7 {[%clk 0:27:39]} 29. Qd7
{[%clk 0:36:09]} Qb4 {[%clk 0:20:10]} 30. Qxc7 {[%clk 0:34:42]} Qxd4+
{[%clk 0:20:36]} 31. Kh1 {[%clk 0:35:11]} Bd5 {[%clk 0:18:06]} 32. Rcd1
{[%clk 0:34:17]} Rxf3 {[%clk 0:14:26]} 33. Qd8+ {[%clk 0:34:16]} Rf8+
{[%clk 0:14:44]} 34. Qxd5+ {[%clk 0:34:45]} 1-0

[Event "EYCC 2024 - O14"]
[Site "?"]
[Date "2024.08.30"]
[Round "8.3"]
[White "Villa Tornero, Alex"]
[Black "Popov, Roman"]
[Result "1-0"]
[BlackElo "1962"]
[WhiteElo "2241"]
[LiveChessVersion "1.4.8"]

1. e4 {[%clk 1:30:58]} c6 {[%clk 1:30:41]} 2. d4 {[%clk 1:31:14]} d5
{[%clk 1:30:59]} 3. e5 {[%clk 1:31:40]} c5 {[%clk 1:31:13]} 4. Nf3
{[%clk 1:32:05]} Nc6 {[%clk 1:28:28]} 5. dxc5 {[%clk 1:32:21]} Bg4
{[%clk 1:25:08]} 6. c3 {[%clk 1:28:25]} e6 {[%clk 1:20:58]} 7. Be3
{[%clk 1:28:30]} Bxf3 {[%clk 1:18:38]} 8. Qxf3 {[%clk 1:28:50]} Nxe5
{[%clk 1:18:28]} 9. Bb5+ {[%clk 1:29:13]} Nc6 {[%clk 1:18:19]} 10. c4
{[%clk 1:27:48]} Nf6 {[%clk 1:14:38]} 11. Nc3 {[%clk 1:27:30]} Be7
{[%clk 1:12:50]} 12. O-O {[%clk 1:23:33]} O-O {[%clk 1:08:46]} 13. cxd5
{[%clk 1:21:39]} exd5 {[%clk 1:07:06]} 14. Rfd1 {[%clk 1:21:45]} Qa5
{[%clk 1:02:38]} 15. a3 {[%clk 1:20:56]} a6 {[%clk 0:53:54]} 16. b4
{[%clk 1:14:56]} Qc7 {[%clk 0:49:21]} 17. Be2 {[%clk 1:12:25]} Rad8
{[%clk 0:42:58]} 18. Nxd5 {[%clk 1:10:43]} Nxd5 {[%clk 0:42:19]} 19. Rxd5
{[%clk 1:11:06]} Rxd5 {[%clk 0:41:23]} 20. Qxd5 {[%clk 1:11:30]} Bf6
{[%clk 0:41:39]} 21. Rd1 {[%clk 1:11:23]} Rd8 {[%clk 0:41:11]} 22. Qe4
{[%clk 1:11:23]} Rxd1+ {[%clk 0:38:40]} 23. Bxd1 {[%clk 1:11:52]} Qd7
{[%clk 0:37:36]} 24. Bg4 {[%clk 1:09:56]} Qd8 {[%clk 0:36:17]} 25. h3
{[%clk 1:09:55]} g6 {[%clk 0:33:57]} 26. Be2 {[%clk 1:09:21]} Bb2
{[%clk 0:27:40]} 27. a4 {[%clk 1:09:33]} Qd7 {[%clk 0:27:19]} 28. b5
{[%clk 1:03:03]} axb5 {[%clk 0:26:20]} 29. axb5 {[%clk 1:03:25]} Nd4
{[%clk 0:22:44]} 30. Bc4 {[%clk 1:03:22]} Nxb5 {[%clk 0:18:50]} 31. Qb1
{[%clk 1:03:30]} Na3 {[%clk 0:18:50]} 32. Bxf7+ {[%clk 1:03:33]} Qxf7
{[%clk 0:18:01]} 33. Qxb2 {[%clk 1:03:59]} Nc4 {[%clk 0:18:09]} 34. Qd4
{[%clk 1:03:59]} Nxe3 {[%clk 0:13:22]} 35. fxe3 {[%clk 1:04:25]} Kf8
{[%clk 0:12:31]} 36. e4 {[%clk 1:04:36]} Ke8 {[%clk 0:11:57]} 37. Qe5+
{[%clk 1:04:33]} Kf8 {[%clk 0:07:02]} 38. Qd6+ {[%clk 1:04:59]} Kg7
{[%clk 0:06:27]} 39. e5 {[%clk 1:05:26]} Qf4 {[%clk 0:05:09]} 40. e6
{[%clk 1:05:42]} Qe3+ {[%clk 0:05:26]} 41. Kh2 {[%clk 1:05:24]} Kf6
{[%clk 0:05:02]} 42. Qf8+ {[%clk 1:01:02]} Kg5 {[%clk 0:04:42]} 43. e7
{[%clk 0:58:37]} Qe5+ {[%clk 0:05:04]} 44. g3 {[%clk 0:58:36]} Qe2+
{[%clk 0:05:27]} 45. Kg1 {[%clk 0:58:56]} Qe1+ {[%clk 0:04:42]} 46. Kg2
{[%clk 0:58:53]} Qe2+ {[%clk 0:05:00]} 47. Qf2 {[%clk 0:58:54]} Qxe7
{[%clk 0:04:26]} 48. Qf4+ {[%clk 0:58:55]} Kh5 {[%clk 0:04:43]} 49. g4+
{[%clk 0:59:13]} Kh4 {[%clk 0:04:52]} 50. Qh6# {[%clk 0:59:25]} 1-0

[Event "EYCC 2024 - O14"]
[Site "?"]
[Date "2024.08.30"]
[Round "8.4"]
[White "Bonelli Maestracci, Pierre Joseph"]
[Black "Kulich, Filip"]
[Result "1-0"]
[BlackElo "1965"]
[WhiteElo "2203"]
[LiveChessVersion "1.4.8"]

1. e4 {[%clk 1:30:57]} c5 {[%clk 1:30:45]} 2. Nf3 {[%clk 1:31:19]} Nc6
{[%clk 1:30:58]} 3. c3 {[%clk 1:31:36]} Nf6 {[%clk 1:31:19]} 4. e5
{[%clk 1:31:54]} Nd5 {[%clk 1:31:41]} 5. Bc4 {[%clk 1:32:04]} Nb6
{[%clk 1:32:00]} 6. Bb3 {[%clk 1:32:24]} c4 {[%clk 1:32:06]} 7. Bc2
{[%clk 1:32:50]} d5 {[%clk 1:31:08]} 8. exd6 {[%clk 1:30:11]} Qxd6
{[%clk 1:31:03]} 9. O-O {[%clk 1:30:14]} Bg4 {[%clk 1:29:44]} 10. h3
{[%clk 1:29:58]} Bh5 {[%clk 1:29:58]} 11. Re1 {[%clk 1:25:52]} e6
{[%clk 1:28:34]} 12. b3 {[%clk 1:10:18]} O-O-O {[%clk 1:19:56]} 13. bxc4
{[%clk 1:02:55]} Nxc4 {[%clk 1:19:30]} 14. d4 {[%clk 1:01:15]} Qc7
{[%clk 1:14:40]} 15. Qe2 {[%clk 0:53:46]} Nb6 {[%clk 1:10:14]} 16. Be3
{[%clk 0:41:16]} Nd5 {[%clk 1:02:11]} 17. Be4 {[%clk 0:35:18]} Nxe3
{[%clk 0:56:01]} 18. Qxe3 {[%clk 0:35:15]} Bd6 {[%clk 0:50:39]} 19. a4
{[%clk 0:31:51]} Bf4 {[%clk 0:43:03]} 20. Qd3 {[%clk 0:30:51]} Ne7
{[%clk 0:41:07]} 21. Nfd2 {[%clk 0:25:06]} f5 {[%clk 0:38:52]} 22. Bf3
{[%clk 0:24:52]} Bxf3 {[%clk 0:39:05]} 23. Qxf3 {[%clk 0:24:54]} e5
{[%clk 0:35:28]} 24. Nb3 {[%clk 0:23:55]} e4 {[%clk 0:35:05]} 25. Qe2
{[%clk 0:23:59]} g5 {[%clk 0:30:56]} 26. Na3 {[%clk 0:21:37]} Qc6
{[%clk 0:18:44]} 27. Rab1 {[%clk 0:19:10]} Nd5 {[%clk 0:12:12]} 28. Nb5
{[%clk 0:19:28]} Bb8 {[%clk 0:11:32]} 29. Na5 {[%clk 0:18:59]} Qa6
{[%clk 0:10:28]} 30. Nxb7 {[%clk 0:18:54]} Qxb7 {[%clk 0:09:27]} 31. Nd6+
{[%clk 0:19:13]} Rxd6 {[%clk 0:09:15]} 32. Rxb7 {[%clk 0:18:00]} Kxb7
{[%clk 0:09:41]} 33. Qb5+ {[%clk 0:17:54]} Kc8 {[%clk 0:08:57]} 34. c4
{[%clk 0:16:45]} Ne7 {[%clk 0:08:28]} 35. c5 {[%clk 0:14:34]} Rxd4
{[%clk 0:08:07]} 36. Qa6+ {[%clk 0:14:54]} Kc7 {[%clk 0:07:02]} 37. Rb1
{[%clk 0:14:47]} Rc8 {[%clk 0:05:26]} 38. Qf6 {[%clk 0:09:44]} Nc6
{[%clk 0:05:03]} 39. Qxg5 {[%clk 0:08:58]} Rd5 {[%clk 0:04:06]} 40. Qg3+
{[%clk 0:07:58]} Kd7 {[%clk 0:03:43]} 41. Qg7+ {[%clk 0:07:59]} Ne7
{[%clk 0:04:05]} 42. c6+ {[%clk 0:08:00]} Ke8 {[%clk 0:04:18]} 43. Qh8+
{[%clk 0:07:54]} Kf7 {[%clk 0:04:40]} 44. Qxh7+ {[%clk 0:08:23]} Kf6
{[%clk 0:04:33]} 45. g3 {[%clk 0:07:40]} Bd6 {[%clk 0:03:34]} 46. h4
{[%clk 0:07:11]} Rxc6 {[%clk 0:03:05]} 47. h5 {[%clk 0:06:03]} Rc8
{[%clk 0:01:20]} 48. h6 {[%clk 0:04:51]} Rg8 {[%clk 0:00:33]} 49. Rb7
{[%clk 0:05:04]} Rd1+ {[%clk 0:00:59]} 50. Kg2 {[%clk 0:04:46]} Rd2
{[%clk 0:01:20]} 51. Rxe7 {[%clk 0:04:17]} Rxg3+ {[%clk 0:00:51]} 52. Kf1
{[%clk 0:04:46]} Bxe7 {[%clk 0:00:43]} 53. fxg3 {[%clk 0:05:11]} e3
{[%clk 0:01:09]} 54. Qg7+ {[%clk 0:04:54]} Ke6 {[%clk 0:01:26]} 55. Qg6+
{[%clk 0:02:13]} Bf6 {[%clk 0:00:37]} 56. Qe8+ {[%clk 0:01:55]} Kd6
{[%clk 0:00:36]} 57. Qxe3 {[%clk 0:02:05]} Rh2 {[%clk 0:01:01]} 58. Qf4+
{[%clk 0:02:00]} Ke7 {[%clk 0:00:39]} 59. Qxf5 {[%clk 0:01:46]} Rxh6
{[%clk 0:00:47]} 60. Qc5+ {[%clk 0:02:05]} Kf7 {[%clk 0:01:10]} 61. Qxa7+
{[%clk 0:02:31]} Be7 {[%clk 0:01:28]} 62. a5 {[%clk 0:02:47]} Rf6+
{[%clk 0:01:53]} 63. Kg2 {[%clk 0:03:08]} Ke8 {[%clk 0:02:00]} 64. a6
{[%clk 0:03:28]} Rd6 {[%clk 0:02:07]} 65. Qb8+ {[%clk 0:03:39]} Rd8
{[%clk 0:01:54]} 66. a7 {[%clk 0:04:05]} 1-0

[Event "EYCC 2024 - O14"]
[Site "?"]
[Date "2024.08.30"]
[Round "8.5"]
[White "Malinowsky, Levi"]
[Black "Vassis, Michail"]
[Result "1-0"]
[BlackElo "2186"]
[WhiteElo "2006"]
[LiveChessVersion "1.4.8"]

1. Nf3 {[%clk 1:30:55]} Nf6 {[%clk 1:30:39]} 2. e3 {[%clk 1:30:33]} g6
{[%clk 1:30:12]} 3. d4 {[%clk 1:30:40]} Bg7 {[%clk 1:30:35]} 4. Be2
{[%clk 1:30:52]} c5 {[%clk 1:29:48]} 5. d5 {[%clk 1:30:16]} b5 {[%clk 1:24:28]}
6. O-O {[%clk 1:23:13]} a6 {[%clk 1:23:10]} 7. c4 {[%clk 1:20:00]} bxc4
{[%clk 1:21:29]} 8. Nc3 {[%clk 1:20:01]} d6 {[%clk 1:20:28]} 9. Nd2
{[%clk 1:18:29]} Nbd7 {[%clk 1:16:29]} 10. Nxc4 {[%clk 1:16:43]} O-O
{[%clk 1:15:57]} 11. e4 {[%clk 1:15:42]} Ne8 {[%clk 1:14:01]} 12. Bf4
{[%clk 1:10:22]} Rb8 {[%clk 1:12:35]} 13. Qd2 {[%clk 1:08:22]} a5
{[%clk 1:08:18]} 14. Rfe1 {[%clk 1:07:25]} Ba6 {[%clk 1:06:44]} 15. Rab1
{[%clk 1:02:03]} Bxc4 {[%clk 0:58:58]} 16. Bxc4 {[%clk 1:02:31]} Nc7
{[%clk 0:58:55]} 17. Bg3 {[%clk 0:45:20]} Rb4 {[%clk 0:56:30]} 18. Bf1
{[%clk 0:44:05]} f5 {[%clk 0:41:18]} 19. f3 {[%clk 0:39:04]} fxe4
{[%clk 0:41:31]} 20. Nxe4 {[%clk 0:32:07]} a4 {[%clk 0:36:13]} 21. a3
{[%clk 0:27:07]} Rd4 {[%clk 0:35:33]} 22. Qc2 {[%clk 0:26:39]} Kh8
{[%clk 0:20:02]} 23. Nc3 {[%clk 0:23:50]} Nb6 {[%clk 0:18:53]} 24. Bf2
{[%clk 0:22:49]} Rdf4 {[%clk 0:19:16]} 25. Rbd1 {[%clk 0:22:13]} Qd7
{[%clk 0:17:52]} 26. Bg3 {[%clk 0:19:23]} Rd4 {[%clk 0:18:06]} 27. Bf2
{[%clk 0:19:19]} Rdf4 {[%clk 0:17:25]} 28. Be3 {[%clk 0:18:56]} R4f5
{[%clk 0:17:15]} 29. Bd3 {[%clk 0:18:38]} Rh5 {[%clk 0:17:40]} 30. Be4
{[%clk 0:18:37]} Be5 {[%clk 0:18:02]} 31. g3 {[%clk 0:18:09]} Nc4
{[%clk 0:17:15]} 32. Bc1 {[%clk 0:17:51]} Bd4+ {[%clk 0:14:56]} 33. Kh1
{[%clk 0:18:02]} Ne5 {[%clk 0:14:42]} 34. Qg2 {[%clk 0:17:04]} Nf7
{[%clk 0:11:49]} 35. g4 {[%clk 0:13:56]} Rh4 {[%clk 0:12:08]} 36. Qg3
{[%clk 0:14:02]} Bf6 {[%clk 0:11:55]} 37. Bc2 {[%clk 0:12:39]} Qc8
{[%clk 0:07:35]} 38. Ne4 {[%clk 0:11:40]} g5 {[%clk 0:02:48]} 39. Nxg5
{[%clk 0:11:02]} Bxg5 {[%clk 0:00:34]} 40. Bxg5 {[%clk 0:11:24]} Rxg4
{[%clk 0:00:38]} 41. Qxg4 {[%clk 0:11:23]} Qxg4 {[%clk 0:01:02]} 42. fxg4
{[%clk 0:11:47]} Nxg5 {[%clk 0:01:27]} 43. Rxe7 {[%clk 0:12:00]} Rf2
{[%clk 0:01:51]} 44. Rxc7 {[%clk 0:11:25]} Rxc2 {[%clk 0:01:31]} 45. Re1
{[%clk 0:11:39]} Rxh2+ {[%clk 0:01:55]} 46. Kxh2 {[%clk 0:12:05]} Nf3+
{[%clk 0:02:22]} 47. Kg3 {[%clk 0:12:29]} Nxe1 {[%clk 0:02:50]} 48. Rd7
{[%clk 0:12:47]} Kg8 {[%clk 0:02:35]} 49. Rxd6 {[%clk 0:13:10]} Nd3
{[%clk 0:02:56]} 50. Rf6 {[%clk 0:12:59]} Kg7 {[%clk 0:02:45]} 51. Rf5
{[%clk 0:13:19]} Nc1 {[%clk 0:02:47]} 52. d6 {[%clk 0:13:42]} Ne2+
{[%clk 0:03:14]} 53. Kh2 {[%clk 0:13:59]} Nd4 {[%clk 0:03:38]} 54. d7
{[%clk 0:14:06]} 1-0

[Event "EYCC 2024 - O14"]
[Site "?"]
[Date "2024.08.30"]
[Round "8.6"]
[White "Grooten, Tommy"]
[Black "Stichter, Constantin Paul"]
[Result "1/2-1/2"]
[BlackElo "1961"]
[WhiteElo "2146"]
[LiveChessVersion "1.4.8"]

1. e4 {[%clk 1:30:56]} e6 {[%clk 1:30:55]} 2. d4 {[%clk 1:31:21]} d5
{[%clk 1:31:23]} 3. Nd2 {[%clk 1:31:45]} c5 {[%clk 1:31:36]} 4. Ngf3
{[%clk 1:31:54]} cxd4 {[%clk 1:31:59]} 5. Nxd4 {[%clk 1:32:18]} Nc6
{[%clk 1:32:24]} 6. Bb5 {[%clk 1:32:27]} Bd7 {[%clk 1:32:46]} 7. Nxc6
{[%clk 1:32:01]} bxc6 {[%clk 1:33:03]} 8. Bd3 {[%clk 1:31:09]} Qc7
{[%clk 1:18:16]} 9. Qe2 {[%clk 1:20:20]} Bd6 {[%clk 1:11:32]} 10. Nf3
{[%clk 1:19:33]} dxe4 {[%clk 1:10:25]} 11. Qxe4 {[%clk 1:19:37]} Nf6
{[%clk 0:59:46]} 12. Qh4 {[%clk 1:19:51]} Qa5+ {[%clk 0:53:20]} 13. Bd2
{[%clk 1:19:19]} Qh5 {[%clk 0:53:26]} 14. Qxh5 {[%clk 1:18:56]} Nxh5
{[%clk 0:51:50]} 15. O-O {[%clk 1:19:09]} Nf4 {[%clk 0:49:21]} 16. Bc4
{[%clk 1:17:18]} Nd5 {[%clk 0:49:36]} 17. Rfe1 {[%clk 1:15:13]} Nb6
{[%clk 0:43:39]} 18. Bf1 {[%clk 1:13:35]} f6 {[%clk 0:30:29]} 19. Rad1
{[%clk 1:11:24]} Ke7 {[%clk 0:25:04]} 20. Ng5 {[%clk 1:02:50]} e5
{[%clk 0:07:20]} 21. Ne4 {[%clk 1:02:57]} Bf5 {[%clk 0:06:04]} 22. Nxd6
{[%clk 1:00:43]} Kxd6 {[%clk 0:06:13]} 23. Bb4+ {[%clk 0:59:40]} Kc7
{[%clk 0:06:13]} 24. f4 {[%clk 0:56:33]} e4 {[%clk 0:05:01]} 25. h3
{[%clk 0:52:40]} h5 {[%clk 0:04:43]} 26. Bd6+ {[%clk 0:47:07]} Kb7
{[%clk 0:04:17]} 27. a4 {[%clk 0:45:42]} Rad8 {[%clk 0:02:01]} 28. c4
{[%clk 0:41:04]} Rd7 {[%clk 0:00:37]} 29. Re3 {[%clk 0:38:01]} Nxc4
{[%clk 0:00:37]} 30. Bxc4 {[%clk 0:37:19]} Rhd8 {[%clk 0:00:54]} 31. Rb3+
{[%clk 0:30:01]} Ka8 {[%clk 0:01:20]} 32. Ba6 {[%clk 0:29:37]} Rxd6
{[%clk 0:01:06]} 33. Rxd6 {[%clk 0:29:40]} Rxd6 {[%clk 0:01:34]} 34. Bb7+
{[%clk 0:30:03]} Kb8 {[%clk 0:02:00]} 35. Bxc6+ {[%clk 0:30:10]} Kc7
{[%clk 0:02:26]} 36. Bb5 {[%clk 0:30:21]} Rd4 {[%clk 0:00:47]} 37. Kf2
{[%clk 0:28:37]} Rd2+ {[%clk 0:01:01]} 38. Be2 {[%clk 0:28:37]} Be6
{[%clk 0:00:50]} 39. Rb4 {[%clk 0:27:53]} f5 {[%clk 0:01:07]} 40. Ke3
{[%clk 0:27:57]} Rc2 {[%clk 0:01:11]} 41. a5 {[%clk 0:28:12]} Rc6
{[%clk 0:00:34]} 42. Bxh5 {[%clk 0:27:51]} Bd5 {[%clk 0:00:42]} 43. Kd4
{[%clk 0:26:41]} Kd6 {[%clk 0:00:59]} 44. Bg6 {[%clk 0:26:13]} e3
{[%clk 0:00:44]} 45. Rb5 {[%clk 0:23:27]} e2 {[%clk 0:00:42]} 46. Rxd5+
{[%clk 0:23:48]} Ke7 {[%clk 0:01:02]} 47. Bxf5 {[%clk 0:23:07]} e1=Q
{[%clk 0:00:44]} 48. Re5+ {[%clk 0:23:32]} Qxe5+ {[%clk 0:01:10]} 49. fxe5
{[%clk 0:23:52]} Rc1 {[%clk 0:01:13]} 50. b4 {[%clk 0:23:21]} Rd1+
{[%clk 0:01:04]} 51. Kc5 {[%clk 0:23:20]} Re1 {[%clk 0:01:25]} 52. Kd4
{[%clk 0:23:03]} Rd1+ {[%clk 0:01:20]} 53. Kc4 {[%clk 0:23:08]} Re1
{[%clk 0:01:27]} 54. e6 {[%clk 0:23:16]} Kd6 {[%clk 0:01:14]} 55. g4
{[%clk 0:22:54]} Rh1 {[%clk 0:00:41]} 56. Kb5 {[%clk 0:22:28]} Rxh3
{[%clk 0:00:59]} 57. Ka6 {[%clk 0:22:09]} Rc3 {[%clk 0:00:36]} 58. Kxa7
{[%clk 0:19:32]} Rb3 {[%clk 0:00:48]} 59. a6 {[%clk 0:16:58]} Rxb4
{[%clk 0:01:12]} 60. Ka8 {[%clk 0:16:35]} g6 {[%clk 0:00:43]} 61. Bxg6
{[%clk 0:16:13]} Rxg4 {[%clk 0:00:48]} 62. a7 {[%clk 0:13:05]} Rb4
{[%clk 0:00:43]} 63. Be4 {[%clk 0:12:11]} Kc7 {[%clk 0:00:38]} 64. Bc6
{[%clk 0:10:51]} Kxc6 {[%clk 0:00:46]} 65. e7 {[%clk 0:11:12]} Kd7
{[%clk 0:00:36]} 66. e8=Q+ {[%clk 0:11:37]} Kxe8 1/2-1/2

[Event "EYCC 2024 - O14"]
[Site "?"]
[Date "2024.08.30"]
[Round "8.7"]
[White "Horvath, Andras"]
[Black "Kutanjac, Aleksandar"]
[Result "0-1"]
[BlackElo "2146"]
[WhiteElo "1966"]
[LiveChessVersion "1.4.8"]

1. e4 {[%clk 1:30:58]} e6 {[%clk 1:30:55]} 2. d4 {[%clk 1:31:24]} d5
{[%clk 1:31:22]} 3. Nd2 {[%clk 1:31:45]} dxe4 {[%clk 1:31:46]} 4. Nxe4
{[%clk 1:32:06]} Nd7 {[%clk 1:32:11]} 5. Nf3 {[%clk 1:31:29]} Ngf6
{[%clk 1:32:33]} 6. Bd3 {[%clk 1:30:51]} Be7 {[%clk 1:31:27]} 7. O-O
{[%clk 1:30:41]} O-O {[%clk 1:29:58]} 8. c3 {[%clk 1:28:23]} b6 {[%clk 1:27:06]}
9. Re1 {[%clk 1:26:54]} Bb7 {[%clk 1:26:13]} 10. Bf4 {[%clk 1:15:22]} Nxe4
{[%clk 1:16:26]} 11. Bxe4 {[%clk 1:15:42]} Bxe4 {[%clk 1:16:51]} 12. Rxe4
{[%clk 1:16:04]} Nf6 {[%clk 1:16:54]} 13. Re2 {[%clk 1:06:46]} Bd6
{[%clk 1:03:55]} 14. Bg5 {[%clk 1:03:24]} h6 {[%clk 1:03:18]} 15. Bh4
{[%clk 1:00:35]} Bf4 {[%clk 0:44:49]} 16. Ne5 {[%clk 0:47:17]} g5
{[%clk 0:36:57]} 17. Bg3 {[%clk 0:47:19]} Bxg3 {[%clk 0:37:21]} 18. hxg3
{[%clk 0:47:08]} Qd6 {[%clk 0:37:25]} 19. Re1 {[%clk 0:43:32]} Rfd8
{[%clk 0:32:27]} 20. Ng4 {[%clk 0:32:35]} Nxg4 {[%clk 0:30:14]} 21. Qxg4
{[%clk 0:33:00]} Qe7 {[%clk 0:27:43]} 22. Re5 {[%clk 0:31:38]} Rd5
{[%clk 0:26:24]} 23. Rae1 {[%clk 0:28:15]} Rad8 {[%clk 0:25:53]} 24. Qf3
{[%clk 0:22:44]} c6 {[%clk 0:22:20]} 25. a3 {[%clk 0:19:14]} Kg7 {[%clk 0:22:27]}
26. R1e3 {[%clk 0:15:38]} Qf6 {[%clk 0:22:07]} 27. Qe2 {[%clk 0:13:55]} Qg6
{[%clk 0:21:06]} 28. g4 {[%clk 0:11:44]} Qb1+ {[%clk 0:20:07]} 29. Kh2
{[%clk 0:12:03]} c5 {[%clk 0:18:29]} 30. Rxd5 {[%clk 0:09:07]} Rxd5
{[%clk 0:18:53]} 31. Re5 {[%clk 0:08:37]} Qa2 {[%clk 0:18:46]} 32. dxc5
{[%clk 0:06:25]} bxc5 {[%clk 0:19:07]} 33. Qe3 {[%clk 0:04:39]} Qc4
{[%clk 0:18:11]} 34. Re4 {[%clk 0:02:44]} Qb3 {[%clk 0:18:11]} 35. Re5
{[%clk 0:02:46]} Qb8 {[%clk 0:18:11]} 0-1